[Event "Catalunya-chT Gp1"]
[Site "Barcelona"]
[Date "2020.02.29"]
[Round "7.7"]
[White "Almeida Toledano, Daniel"]
[Black "Sierra Montoya, Miquel"]
[Result "1/2-1/2"]
[WhiteElo "2257"]
[BlackElo "2131"]
[PlyCount "43"]
[EventDate "2020.01.18"]
[EventType "team-tourn"]
[EventRounds "7"]
[EventCountry "ESP"]
[SourceTitle "CBM 195 Extra"]
[Source "ChessBase"]
[SourceDate "2020.05.31"]
[SourceVersion "1"]
[SourceVersionDate "2020.05.31"]
[SourceQuality "1"]
[WhiteTeam "Foment Martinenc"]
[BlackTeam "Sant Cugat"]
[WhiteTeamCountry "ESP"]
[BlackTeamCountry "ESP"]

1. e4 c5 2. Nf3 d6 3. Bb5+ Bd7 4. c4 Nc6 5. d4 cxd4 6. Nxd4 Nf6 7. Nc3 g6 8. Be3 Bg7 9. f3 0-0 10. 0-0 a6 11. Bxc6 bxc6 12. Qe2 Qc7 13. Rfd1 c5 14. Nc2 Rfb8 15. Rab1 a5 16. a4 Rb3 17. Na3 Rxc3 18. bxc3 Bxa4 19. Rdc1 Bd7 20. Rb2 Be6 21. Rcb1 Nd7 22. Rb7 1/2-1/2

[Event "Catalunya-chT Gp1"]
[Site "Barcelona"]
[Date "2020.02.22"]
[Round "6.9"]
[White "Sierra Montoya, Miquel"]
[Black "Comellas Blanchart, Jordi"]
[Result "1-0"]
[WhiteElo "2131"]
[BlackElo "2125"]
[PlyCount "93"]
[EventDate "2020.01.18"]
[EventType "team-tourn"]
[EventRounds "7"]
[EventCountry "ESP"]
[SourceTitle "CBM 195 Extra"]
[Source "ChessBase"]
[SourceDate "2020.05.31"]
[SourceVersion "1"]
[SourceVersionDate "2020.05.31"]
[SourceQuality "1"]
[WhiteTeam "Sant Cugat"]
[BlackTeam "Tres Peons"]
[WhiteTeamCountry "ESP"]
[BlackTeamCountry "ESP"]

1. e4 c5 2. Nf3 d6 3. d4 cxd4 4. Nxd4 Nf6 5. Nc3 a6 6. a3 e5 7. Nf5 d5 8. Bg5 d4 9. Bxf6 gxf6 10. Nb1 Bxf5 11. exf5 Qa5+ 12. Nd2 Bh6 13. b4 Bxd2+ 14. Qxd2 Qd5 15. Bd3 Qxg2 16. 0-0-0 Qg5 17. f4 Qxf4 18. Qxf4 exf4 19. Rhe1+ Kf8 20. Be4 Nc6 21. Bxc6 bxc6 22. Rxd4 Re8 23. Rf1 Rg8 24. Rfxf4 Rg1+ 25. Kb2 Ree1 26. Rd8+ Re8 27. Rd6 Re5 28. Rxc6 a5 29. Rxf6 Rg2 30. h4 Rge2 31. Rb6 a4 32. f6 R5e3 33. Rb8+ Re8 34. Rxe8+ Kxe8 35. b5 Re5 36. Rb4 Kd7 37. c4 Re2+ 38. Kc1 Rf2 39. c5 Rxf6 40. Rxa4 Rf5 41. Rc4 Rf2 42. a4 f5 43. c6+ Kc8 44. b6 f4 45. Re4 Kd8 46. c7+ Kd7 47. Rd4+ 1-0

[Event "Catalunya-chT GpB final"]
[Site "Barcelona"]
[Date "2018.04.07"]
[Round "3.8"]
[White "Sierra Montoya, Miquel"]
[Black "Bruned Segura, Mario"]
[Result "1/2-1/2"]
[WhiteElo "2156"]
[BlackElo "2090"]
[PlyCount "110"]
[EventDate "2018.03.10"]
[EventType "team-tourn"]
[EventRounds "4"]
[EventCountry "ESP"]
[SourceTitle "CBM 183 Extra"]
[Source "ChessBase"]
[SourceDate "2018.04.19"]
[SourceVersion "1"]
[SourceVersionDate "2018.04.19"]
[SourceQuality "1"]
[WhiteTeam "St Cugat"]
[BlackTeam "Lleida"]
[WhiteTeamCountry "ESP"]
[BlackTeamCountry "ESP"]

1. e4 e5 2. Nf3 Nf6 3. Nxe5 d6 4. Nf3 Nxe4 5. Nc3 Nxc3 6. dxc3 Be7 7. Be3 Nc6 8. Qd2 Be6 9. 0-0-0 Qd7 10. a3 a6 11. Be2 0-0 12. Ng5 Bxg5 13. Bxg5 Rae8 14. h3 Na5 15. Qd4 Nc6 16. Qh4 Bf5 17. Bd3 Qe7 18. Qg3 Qe5 19. Qxe5 Rxe5 20. Rd2 Rfe8 21. Rhd1 Be4 22. Bf1 Bg6 23. b3 Bh5 24. g4 Bg6 25. Bg2 Be4 26. Bxe4 Rxe4 27. c4 b6 28. Rd3 f6 29. Kb2 a5 30. Bd2 Kf7 31. Re3 Rxe3 32. Bxe3 Re4 33. Kc3 Ne5 34. Rd4 Rxd4 35. Kxd4 Ke6 36. f4 Nc6+ 37. Ke4 Ne7 38. f5+ Kd7 39. h4 h6 40. g5 hxg5 41. hxg5 Ng8 42. c3 Kc8 43. b4 Kd7 44. Kf4 a4 45. c5 dxc5 46. bxc5 b5 47. Ke4 c6 48. g6 Ne7 49. Bf4 Nd5 50. Bd2 Ke7 51. Kd4 Kf8 52. Be1 Kg8 53. Bg3 Kh8 54. Bd6 Kg8 55. Bg3 Kh8 1/2-1/2

[Event "Catalunya-chT Gp2"]
[Site "Barcelona"]
[Date "2018.02.17"]
[Round "5.8"]
[White "Sierra Montoya, Miquel"]
[Black "Montilla Carrillo, Esteban"]
[Result "1-0"]
[WhiteElo "2156"]
[BlackElo "2233"]
[PlyCount "75"]
[EventDate "2018.01.20"]
[EventType "team-tourn"]
[EventRounds "7"]
[EventCountry "ESP"]
[SourceTitle "EXT 2019"]
[Source "ChessBase"]
[SourceDate "2018.10.10"]
[SourceVersion "1"]
[SourceVersionDate "2018.10.10"]
[SourceQuality "1"]
[WhiteTeam "St Cugat"]
[BlackTeam "Mollet"]
[WhiteTeamCountry "ESP"]
[BlackTeamCountry "ESP"]

1. e4 c5 2. Nf3 d6 3. d4 cxd4 4. Nxd4 Nf6 5. Nc3 g6 6. Be3 Bg7 7. f3 Nc6 8. Qd2 0-0 9. 0-0-0 d5 10. Qe1 e5 11. Nxc6 bxc6 12. exd5 Nxd5 13. Bc4 Be6 14. Ne4 Qc7 15. Bc5 Rfd8 16. Ng5 Bh6 17. Qh4 Kg7 18. Bb3 f6 19. Qxh6+ Kxh6 20. Nxe6 Qa5 21. h4 Re8 22. Bxd5 cxd5 23. Be3+ g5 24. hxg5+ Kg6 25. Rh6+ Kf7 26. Nc7 d4 27. Rxh7+ Kg6 28. Rh6+ Kg7 29. Nxe8+ Rxe8 30. gxf6+ Kf7 31. Bg5 Qxa2 32. Rd3 Qa1+ 33. Kd2 Qa5+ 34. Kd1 Rg8 35. Ra3 Qc5 36. Rxa7+ Kf8 37. Rhh7 Qxa7 38. Bh6+ 1-0

[Event "Benasque op 34th"]
[Site "Benasque"]
[Date "2014.07.06"]
[Round "3"]
[White "Sierra Montoya, Miquel"]
[Black "Bachmann, Axel"]
[Result "0-1"]
[WhiteElo "2075"]
[BlackElo "2652"]
[PlyCount "52"]
[EventDate "2014.07.04"]
[EventType "swiss"]
[EventRounds "9"]
[EventCountry "ESP"]
[SourceTitle "CBM 161 Extra"]
[Source "ChessBase"]
[SourceDate "2014.08.29"]
[SourceVersion "1"]
[SourceVersionDate "2014.08.29"]
[SourceQuality "1"]

1. e4 g6 2. d4 Bg7 3. Nc3 d6 4. Nf3 a6 5. Be3 b5 6. Bd3 Bb7 7. h3 Nd7 8. 0-0 c5 9. a3 Ngf6 10. dxc5 dxc5 11. e5 Bxf3 12. Qxf3 Nxe5 13. Qe2 c4 14. Be4 Nxe4 15. Nxe4 0-0 16. Rad1 Qc7 17. Bf4 Rad8 18. Qe3 Qc8 19. Rfe1 Nc6 20. b3 Nd4 21. Rc1 Qc6 22. Ng3 Rd7 23. Be5 Rfd8 24. Bxg7 Kxg7 25. Qg5 f6 26. Qe3 e5 0-1

[Event "Catalunya-chT"]
[Site "Catalunya"]
[Date "2014.03.22"]
[Round "9.4"]
[White "Soler Rionegro, Andres"]
[Black "Sierra Montoya, Miquel"]
[Result "1/2-1/2"]
[WhiteElo "1946"]
[BlackElo "2075"]
[PlyCount "132"]
[EventDate "2014.01.25"]
[EventType "team"]
[EventRounds "11"]
[EventCountry "ESP"]
[SourceTitle "EXT 2015"]
[Source "ChessBase"]
[SourceDate "2014.11.20"]
[SourceVersion "1"]
[SourceVersionDate "2014.11.20"]
[SourceQuality "1"]
[WhiteTeam "Montcada"]
[BlackTeam "Sant Andreu"]
[WhiteTeamCountry "ESP"]
[BlackTeamCountry "ESP"]

1. e4 c5 2. Nf3 d6 3. Nc3 Nf6 4. Bb5+ Nc6 5. h3 Bd7 6. 0-0 e6 7. Re1 Be7 8. Bf1 0-0 9. d3 Nd4 10. Nxd4 cxd4 11. Ne2 Qb6 12. Rb1 Rfc8 13. c3 dxc3 14. Nxc3 Bc6 15. Be3 Qa5 16. a3 b5 17. Qd2 Qd8 18. Bd4 a5 19. Ne2 Nd7 20. Ng3 Bg5 21. f4 Bh4 22. Bf2 Rab8 23. b4 axb4 24. axb4 Ra8 25. Be2 Ra4 26. Rec1 Bxg3 27. Bxg3 Qb6+ 28. Bf2 Qb7 29. Bd1 Ra6 30. Rb2 Nf6 31. Rbc2 Raa8 32. Bf3 Qd7 33. Bh4 Ne8 34. g4 Bb7 35. Bf2 Rxc2 36. Rxc2 Rc8 37. Kg2 Rxc2 38. Qxc2 Qc6 39. Qxc6 Bxc6 40. f5 Kf8 41. Bh4 Nc7 42. f6 gxf6 43. Bxf6 Na6 44. Bc3 Ke7 45. Kf2 Nc7 46. Ke3 e5 47. d4 f6 48. h4 Bd7 49. Kd3 Be8 50. Bd2 Bf7 51. g5 Bc4+ 52. Kc3 exd4+ 53. Kxd4 Ne6+ 54. Kc3 fxg5 55. hxg5 Nf8 56. Bg4 Ng6 57. Bf5 Kf7 58. Be3 Ke7 59. Bd4 Kf7 60. Bf6 h6 61. Kd4 hxg5 62. Bxg5 Ne5 63. Bd2 Nf3+ 64. Ke3 Nxd2 65. Kxd2 Kf6 66. Ke3 Ke5 1/2-1/2

[Event "ESP-ch U18"]
[Site "Salobrena"]
[Date "2012.07.23"]
[Round "2"]
[White "Sierra Montoya, Miquel"]
[Black "Nicolas Zapata, Irene"]
[Result "0-1"]
[WhiteElo "2051"]
[BlackElo "2235"]
[PlyCount "54"]
[EventDate "2012.07.23"]
[EventType "swiss"]
[EventRounds "9"]
[EventCountry "ESP"]
[SourceTitle "EXT 2014"]
[Source "ChessBase"]
[SourceDate "2013.11.20"]
[SourceVersion "1"]
[SourceVersionDate "2013.11.20"]
[SourceQuality "1"]

1. e4 c5 2. Nf3 d6 3. d4 cxd4 4. Qxd4 Nc6 5. Bb5 Bd7 6. Bxc6 Bxc6 7. Nc3 Nf6 8. Bg5 e6 9. 0-0-0 Be7 10. Qd3 Qa5 11. h4 Rc8 12. Kb1 0-0 13. Nd4 Qc7 14. Rde1 b5 15. f4 b4 16. Nd1 Ba8 17. f5 e5 18. Bxf6 Bxf6 19. Nf3 d5 20. Nf2 Rfd8 21. Qb3 dxe4 22. Nxe4 Bd5 23. Qa4 Be7 24. Nfd2 b3 25. Nxb3 Qxc2+ 26. Ka1 Bxe4 27. Qxe4 Rd1+ 0-1

[Event "Sant Adria de Besos op 08th"]
[Site "Sant Adria de Besos"]
[Date "2012.05.20"]
[Round "6"]
[White "Ayllon Rodriguez, Joan Pedro"]
[Black "Sierra Montoya, Miquel"]
[Result "1-0"]
[WhiteElo "2117"]
[BlackElo "1961"]
[PlyCount "145"]
[EventDate "2012.04.15"]
[EventType "swiss"]
[EventRounds "9"]
[EventCountry "ESP"]
[SourceTitle "CBM 148 Extra"]
[Source "ChessBase"]
[SourceDate "2012.06.22"]
[SourceVersion "1"]
[SourceVersionDate "2012.06.22"]
[SourceQuality "1"]

1. e4 c5 2. Nf3 d6 3. c3 Nf6 4. h3 Nc6 5. d3 g6 6. Be2 Bg7 7. Be3 0-0 8. Qc1 Re8 9. 0-0 Bd7 10. Rd1 Rc8 11. Bg5 b5 12. Bh6 e5 13. Bg5 Qc7 14. Na3 Qb8 15. Nc2 Nd8 16. Nh2 Qb7 17. Bf3 Ne6 18. Be3 Bc6 19. Ng4 Nxg4 20. hxg4 f6 21. Qd2 d5 22. exd5 Bxd5 23. Ne1 Red8 24. Qc2 b4 25. Bxd5 Qxd5 26. Qa4 Qd7 27. Qa6 Qc6 28. Qxc6 Rxc6 29. cxb4 cxb4 30. Bxa7 Ra8 31. Be3 Rca6 32. Nc2 Rxa2 33. Rxa2 Rxa2 34. Nxb4 Rxb2 35. Nd5 Rb5 36. Nc3 Rb7 37. Kf1 Kf7 38. Ra1 Rd7 39. Ke2 Bf8 40. Rh1 Kg8 41. Ra1 Kg7 42. Ra6 Kf7 43. g3 Bc5 44. Rxe6 Bxe3 45. Rc6 Bg5 46. Ne4 Kg7 47. Nxg5 fxg5 48. Re6 Rd5 49. Re7+ Kg8 50. Ke3 Rd4 51. f3 Rd5 52. Rc7 Kh8 53. Rc4 Kg7 54. Ke4 Ra5 55. Rc7+ Kf6 56. Rxh7 Ra4+ 57. Ke3 Rd4 58. Rc7 Rd6 59. Rc8 Ke6 60. Rc3 Kf6 61. Rb3 Ke6 62. f4 gxf4+ 63. gxf4 exf4+ 64. Kxf4 Kf6 65. g5+ Ke6 66. Ke4 Ra6 67. d4 Ra5 68. Rb6+ Kf7 69. d5 Ra8 70. Rb7+ Kf8 71. Ke5 Ra6 72. d6 Rc6 73. Rb8+ 1-0

[Event "Catalunya-ch U16"]
[Site "Vila Seca"]
[Date "2011.04.19"]
[Round "7.1"]
[White "Pinsach Gelabert, Alexandre"]
[Black "Sierra Montoya, Miquel"]
[Result "1-0"]
[WhiteElo "1790"]
[BlackElo "1906"]
[PlyCount "49"]
[EventDate "2011.04.16"]
[EventType "swiss"]
[EventRounds "8"]
[EventCountry "ESP"]
[SourceTitle "EXT 2015"]
[Source "ChessBase"]
[SourceDate "2014.11.20"]
[SourceVersion "1"]
[SourceVersionDate "2014.11.20"]
[SourceQuality "1"]

1. d4 Nf6 2. Nc3 d5 3. Bg5 e6 4. e4 dxe4 5. Nxe4 Be7 6. Nxf6+ Bxf6 7. Bxf6 Qxf6 8. c3 0-0 9. Nf3 Nd7 10. Bd3 c5 11. 0-0 cxd4 12. Nxd4 Nb6 13. Qf3 Qxf3 14. Nxf3 Nd5 15. Rad1 Bd7 16. c4 Nb6 17. Ne5 Rfd8 18. Be4 Be8 19. b3 f6 20. Nd3 Bh5 21. f3 Rd4 22. Nc5 Rad8 23. Rxd4 Rxd4 24. Nxe6 Rd2 25. Ra1 1-0

[Event "Catalunya-ch U16"]
[Site "Vila Seca"]
[Date "2011.04.19"]
[Round "6.1"]
[White "Sierra Montoya, Miquel"]
[Black "Gonzalez Hernandez, Ferran"]
[Result "1/2-1/2"]
[WhiteElo "1906"]
[BlackElo "1939"]
[PlyCount "64"]
[EventDate "2011.04.16"]
[EventType "swiss"]
[EventRounds "8"]
[EventCountry "ESP"]
[SourceTitle "EXT 2015"]
[Source "ChessBase"]
[SourceDate "2014.11.20"]
[SourceVersion "1"]
[SourceVersionDate "2014.11.20"]
[SourceQuality "1"]

1. e4 e6 2. d4 d5 3. Nc3 dxe4 4. Nxe4 Nd7 5. Nf3 Ngf6 6. Nxf6+ Nxf6 7. Bc4 a6 8. Bg5 h6 9. Bh4 c5 10. c3 b5 11. Bb3 Bb7 12. 0-0 Be7 13. dxc5 Qxd1 14. Rfxd1 Bxc5 15. Ne5 g5 16. Bg3 0-0 17. a4 Rfd8 18. axb5 axb5 19. Rxd8+ Rxd8 20. Rd1 Rxd1+ 21. Bxd1 Ne4 22. Bf3 Bd6 23. Bxe4 Bxe4 24. Ng4 Bxg3 25. Nf6+ Kg7 26. Nxe4 Bf4 27. Kf1 Bc1 28. Nd6 Bxb2 29. Nxb5 f5 30. Ke2 Bc1 31. Kd3 Kf7 32. c4 Ke7 1/2-1/2

[Event "Catalunya-ch U16"]
[Site "Vila Seca"]
[Date "2011.04.18"]
[Round "4.1"]
[White "Balague Camps, Marc"]
[Black "Sierra Montoya, Miquel"]
[Result "0-1"]
[WhiteElo "2090"]
[BlackElo "1906"]
[PlyCount "68"]
[EventDate "2011.04.16"]
[EventType "swiss"]
[EventRounds "8"]
[EventCountry "ESP"]
[SourceTitle "EXT 2015"]
[Source "ChessBase"]
[SourceDate "2014.11.20"]
[SourceVersion "1"]
[SourceVersionDate "2014.11.20"]
[SourceQuality "1"]

1. c4 e5 2. Nc3 d6 3. Nf3 f5 4. d4 e4 5. Bg5 Be7 6. Bxe7 Qxe7 7. Ng1 Nf6 8. e3 0-0 9. h4 f4 10. exf4 c5 11. Nge2 Nc6 12. a3 Bd7 13. d5 Na5 14. Ng3 Ng4 15. Ncxe4 Rxf4 16. f3 Nf6 17. b4 Re8 18. Ra2 Nxe4 19. Nxe4 Rxh4 20. Rg1 Qe5 21. bxa5 Qh2 22. Kf2 Rexe4 23. Bd3 Rd4 24. Qe2 Rh5 25. Rb2 Qh4+ 26. g3 Qf6 27. Rxb7 Re5 28. Qc2 Qh6 29. Rb3 Qe3+ 30. Kg2 Bh3+ 31. Kh2 Qh6 32. Bxh7+ Kf8 33. Rb8+ Bc8+ 34. Kg2 Rd2+ 0-1

[Event "Catalunya-ch U16"]
[Site "Sabadell"]
[Date "2010.01.23"]
[Round "2.3"]
[White "Latorre Freixes, Marc"]
[Black "Sierra Montoya, Miquel"]
[Result "0-1"]
[WhiteElo "1765"]
[BlackElo "1972"]
[PlyCount "58"]
[EventDate "2010.01.16"]
[EventType "swiss"]
[EventRounds "6"]
[EventCountry "ESP"]
[SourceTitle "EXT 2024"]
[Source "ChessBase"]
[SourceDate "2023.10.10"]
[SourceVersion "1"]
[SourceVersionDate "2023.10.10"]
[SourceQuality "1"]

1. e4 c5 2. d4 cxd4 3. Nf3 d6 4. Nxd4 Nf6 5. Nc3 a6 6. Nf3 Nbd7 7. Bg5 e6 8. Bc4 Qc7 9. Bxf6 Nxf6 10. Bb3 b5 11. a4 b4 12. Ne2 Nxe4 13. 0-0 Nf6 14. Qd4 d5 15. c3 bxc3 16. bxc3 Bd6 17. Rfd1 0-0 18. c4 Bc5 19. Qe5 Bxf2+ 20. Kf1 Qb6 21. Ned4 Ng4 22. Qg5 Bxd4 23. Nxd4 e5 24. a5 Qb8 25. Nc6 Qxb3 26. Ne7+ Kh8 27. Rab1 Qxc4+ 28. Kg1 Qc5+ 29. Kf1 Qf2# 0-1

[Event "Barbera del Valles op-B 30th"]
[Site "Barbera del Valles"]
[Date "2007.07.09"]
[Round "4"]
[White "Sierra Montoya, Miquel"]
[Black "Valarezo Ricard, Pedro"]
[Result "0-1"]
[WhiteElo "1900"]
[BlackElo "1976"]
[PlyCount "78"]
[EventDate "2007.07.06"]
[EventType "swiss"]
[EventRounds "7"]
[EventCountry "ESP"]
[SourceTitle "EXT 2008"]
[Source "ChessBase"]
[SourceDate "2007.11.25"]
[SourceVersion "1"]
[SourceVersionDate "2007.11.25"]
[SourceQuality "1"]

1. e4 d5 2. exd5 Qxd5 3. Nc3 Qe5+ 4. Qe2 Qxe2+ 5. Bxe2 c6 6. d4 Bf5 7. Kd1 Nf6 8. Nf3 Nbd7 9. Bf4 0-0-0 10. Kd2 Nc5 11. Bd3 Nxd3 12. cxd3 Nd5 13. Bg3 Nb4 14. Ne4 e6 15. a3 Nd5 16. Nc3 Be7 17. Rhe1 h5 18. Nxd5 Rxd5 19. Re5 Rhd8 20. Rae1 f6 21. Rxd5 Rxd5 22. Nh4 Kd7 23. Nxf5 Rxf5 24. Rc1 g5 25. Ke3 Rb5 26. Rc2 h4 27. Bb8 Ra5 28. g3 Kc8 29. gxh4 Kxb8 30. hxg5 Rxg5 31. f4 Rg4 32. Kf3 Rg6 33. h4 Kc7 34. Rh2 f5 35. h5 Rg4 36. b4 Bf6 37. h6 Rh4 38. Rxh4 Bxh4 39. h7 Bf6 0-1

[Event "Barbera del Valles op-B 30th"]
[Site "Barbera del Valles"]
[Date "2007.07.07"]
[Round "2"]
[White "Ruiz Arenas, Carlos"]
[Black "Sierra Montoya, Miquel"]
[Result "1-0"]
[WhiteElo "1958"]
[BlackElo "1900"]
[PlyCount "93"]
[EventDate "2007.07.06"]
[EventType "swiss"]
[EventRounds "7"]
[EventCountry "ESP"]
[SourceTitle "EXT 2008"]
[Source "ChessBase"]
[SourceDate "2007.11.25"]
[SourceVersion "1"]
[SourceVersionDate "2007.11.25"]
[SourceQuality "1"]

1. e4 c5 2. Nf3 d6 3. d4 cxd4 4. Nxd4 Nf6 5. Nc3 a6 6. Be2 e5 7. Nb3 Be6 8. 0-0 Be7 9. f4 exf4 10. Bxf4 0-0 11. Kh1 Nc6 12. Bf3 Ne5 13. Bxe5 dxe5 14. Qxd8 Rfxd8 15. Rfd1 h6 16. a3 g5 17. Na5 Rab8 18. Be2 Rxd1+ 19. Rxd1 Bd8 20. Nc4 b5 21. Nxe5 Bc7 22. Nc6 Re8 23. Nd4 Bg4 24. Bf3 Bf4 25. h3 Bxf3 26. gxf3 Kg7 27. Nf5+ Kg8 28. Nd5 Be5 29. b3 Bb2 30. Nde7+ Kh7 31. Rd6 Bxa3 32. Rxf6 Bxe7 33. Rxf7+ Kg8 34. Rxe7 Rxe7 35. Nxe7+ Kf7 36. Nf5 h5 37. Kg2 Kf6 38. Kg3 Ke5 39. Ng7 Kd4 40. Nxh5 Kc3 41. e5 Kxc2 42. e6 Kxb3 43. e7 Ka4 44. e8Q a5 45. Nf6 Kb4 46. Nd5+ Ka4 47. Nc3+ 1-0